| 000 | 02121cam a2200397 4500500 | ||
|---|---|---|---|
| 005 | 20260201054118.0 | ||
| 041 | _afre | ||
| 042 | _adc | ||
| 100 | 1 | 0 |
_aWood Morgan, Elizabeth _eauthor |
| 700 | 1 | 0 |
_aGuyon, Alice _eauthor |
| 245 | 0 | 0 | _aEntretien avec Elizabeth Wood Morgan, artiste créatrice de bulles de relaxation multisensorielles |
| 260 | _c2025. | ||
| 500 | _a51 | ||
| 520 | _aLa rédaction de HEGEL est allée à la rencontre de l’artiste Elizabeth Wood Morgan, qui développe depuis plusieurs années des concepts innovants de dispositifs de relaxation multisensoriels, alliant stimulations visuelles par des œuvres d’art avec des guidances audio, des stimulations odorantes, et du toucher. Ces dispositifs peuvent être utilisés pour le personnel, la clientèle ou les apprenants pour contribuer à la réduction du stress et la prévention de l’anxiété. | ||
| 520 | _aThe HEGEL editorial team met with artist Elizabeth Wood Morgan, who has been developing innovative concepts for multisensory relaxation devices for several years, combining visual stimulation through works of art with audio guidance, scent stimulation, and touch. These devices can be used by staff, customers, or learners to help reduce stress and prevent anxiety. | ||
| 690 | _aauto-gestion des émotions | ||
| 690 | _abien-être holistique | ||
| 690 | _abulle multisensorielle | ||
| 690 | _aDispositif de relaxation | ||
| 690 | _aexpérience immersive | ||
| 690 | _aœuvre artistique bienveillante | ||
| 690 | _aqualité de vie au travail | ||
| 690 | _aréduction du stress | ||
| 690 | _asanté intégrative | ||
| 690 | _abenevolent artwork | ||
| 690 | _aholistic well-being | ||
| 690 | _aimmersive experience | ||
| 690 | _aintegrative health | ||
| 690 | _amultisensory bubble | ||
| 690 | _aquality of life at work | ||
| 690 | _aRelaxation device | ||
| 690 | _aself-management of emotions | ||
| 690 | _astress reduction | ||
| 786 | 0 | _nHegel | 154 | 4 | 2025-12-22 | p. 93-104 | 2269-0530 | |
| 856 | 4 | 1 | _uhttps://stm.cairn.info/revue-hegel-2025-4-page-93?lang=fr&redirect-ssocas=7080 |
| 999 |
_c1639549 _d1639549 |
||